Pennsylvania literary journal

Includes critical essays, book-reviews and poetry ... created to make a positive contribution to literary criticism and literature around the world.

Bibliographic Details
Format: Electronic Journal
Language:English
Published: Indiana, Pa. : Anna Faktorovich
Subjects:
Online Access:Full text available from Research Library: 07/01/2010 to present

MARC

LEADER 00000nas a2200000 a 4500
001 ssj0000327693
003 WaSeSS
005 20200512172242.0
006 m d
007 cr n
008 091009c20099999paufr pss | a0eng
010 |a  2009203904 
022 |a 2151-3066  |l 2151-3066  |y 2151-3066 
035 |a (WaSeSS)ssj0000327693 
037 |b Anna Faktorovich, 1800 Lisa Dr., #2, Indiana, PA 15707 
040 |a DLC  |b eng  |c DLC  |d DLC  |d OCLCQ  |d CUS  |d OCLCQ  |d OCLCF  |d OCL  |d OCLCQ  |d AU@  |d WaSeSS 
042 |a pcc  |a nsdp 
050 0 0 |a PR1 
082 1 0 |a 820  |2 14 
222 0 |a Pennsylvania literary journal 
245 0 0 |a Pennsylvania literary journal  |h [electronic resource]. 
260 |a Indiana, Pa. :  |b Anna Faktorovich 
310 |a Semiannual 
362 1 |a Began with summer 2009. 
506 |a License restrictions may limit access. 
520 |a Includes critical essays, book-reviews and poetry ... created to make a positive contribution to literary criticism and literature around the world. 
588 |a Description based on: Summer 2009; title from website (viewed Oct. 9, 2009). 
588 |a Latest issue consulted: Summer 2010. 
648 7 |a 2000-2099  |2 fast 
650 0 |a English literature  |x History and criticism  |v Periodicals. 
650 0 |a English literature  |y 21st century  |v Periodicals. 
650 7 |a English literature.  |2 fast  |0 (OCoLC)fst00911989 
655 0 |a Electronic journals. 
776 0 8 |i Print version:  |t Pennsylvania literary journal  |x 2151-3066  |w (DLC) 2011205943  |w (OCoLC)750122954 
850 |a DLC 
856 4 0 |z Full text available from Research Library: 07/01/2010 to present  |u https://search.proquest.com/publication/1356369